Gemeenten van West-Vlaanderen - Statistieken

Algemene statistieken
  • Deze quiz is 1.477 keer genomen
  • De gemiddelde score is 42 van 64
Antwoordstatistieken
Hint Antwoord % Correct
B Brugge
97%
O Oostende
96%
D De Panne
92%
I Ieper
91%
K Kortrijk
91%
K Knokke-Heist
87%
R Roeselare
85%
N Nieuwpoort
84%
B Blankenberge
82%
D De Haan
82%
K Koksijde
82%
V Veurne
80%
W Waregem
80%
M Middelkerke
79%
D Diksmuide
78%
P Poperinge
78%
I Izegem
76%
T Torhout
74%
B Bredene
73%
M Menen
73%
D Damme
72%
T Tielt
71%
H Harelbeke
69%
J Jabbeke
68%
W Wevelgem
67%
A Avelgem
65%
Z Zwevegem
65%
A Anzegem
64%
Z Zonnebeke
64%
A Alveringem
63%
B Beernem
63%
O Oostkamp
63%
A Ardooie
61%
H Heuvelland
61%
I Ingelmunster
60%
K Kortemark
59%
O Oostrozebeke
59%
G Gistel
58%
I Ichtegem
58%
L Lichtervelde
57%
L Lo-Reninge
57%
D Deerlijk
56%
W Wervik
56%
W Wingene
56%
K Kuurne
55%
Z Zedelgem
54%
K Koekelare
53%
L Langemark-Poelkapelle
53%
S Staden
53%
V Vleteren
53%
M Moorslede
52%
Z Zuienkerke
52%
M Mesen
51%
O Oudenburg
51%
R Ruiselede
51%
D Dentergem
50%
L Lendelede
50%
H Houthulst
49%
L Ledegem
48%
P Pittem
48%
H Hooglede
47%
W Wielsbeke
47%
M Meulebeke
46%
S Spiere-Helkijn
46%
Geen overeenkomende quizzen gevonden
Scoreverdeling
Procent van Mensen met Elke Score
Percentiel versus Aantal Correcte Antwoorden
Uw Scoregeschiedenis
U heeft deze quiz nog niet genomen